00405nam a2200109Ia 4500008004100000100002000041245010300061500008400164650002300248942000700271999001700278181011s9999 xx 000 0 und d aAndreas D'Souza 0aChristian approaches to the study of Islam: An Analysis of the writings of Watt and Cragg (Part 2) aThe Bulletin of the Henry Martyn Institute of Islamic Studies July - Dec 1992 aStudy of Religions cBR c22274d22274